| 000 | 01207nam a2200313 a 4500 | ||
|---|---|---|---|
| 001 | 000115403 | ||
| 003 | CHAP | ||
| 005 | 20220329144533.0 | ||
| 008 | 190517s2018 mx a |sm |||||||spa d | ||
| 010 | _a111864 | ||
| 011 | _a112836 | ||
| 040 | _cCHAP | ||
| 090 | _aTesis | ||
| 100 | 1 |
_aSolano Torres, Abraham. _9135652 |
|
| 245 | 1 | 0 |
_aMetodología para la obtención de recursos financieros para el establecimiento de corrales ganaderos en el municipio de Cuautepec, Guerrero _h[En línea] _cpor Abraham Solano Torres. |
| 260 |
_aChapingo, Méx. : _bEl autor, _c2018. |
||
| 500 | _aPara ver el contenido del material haga clic en la liga | ||
| 502 | _aTesis (Ing. Agr. en Economía Agrícola) -- UACH. División de Ciencias Económioco Administrativas | ||
| 590 |
_aE11695DGD _b10 _c20190520 _lUCH01 _h1132 |
||
| 590 |
_aE6339RRR _b05 _c20190517 _lUCH01 _h1516 |
||
| 590 |
_aE6339RRR _b05 _c20190517 _lUCH01 _h1517 |
||
| 650 | 1 | 4 |
_aCorrales _xAnimales domésticos. _928196 |
| 650 | 1 | 4 |
_aCrédito ganadero _xGuerrero. _929112 |
| 650 | 1 | 4 |
_aProyectos _xFinanciamiento. _992526 |
| 856 |
_aFinding aid _uhttp://10.13.5.2/tesis/sist115403.pdf _zTeclea aquí |
||
| 901 | _aBK | ||
| 942 | _cTESIS | ||
| 942 | _n0 | ||
| 999 |
_c111864 _d111864 |
||